| 000 | 01688cam a22004574i 4500 | ||
|---|---|---|---|
| 003 | PE-LiUPU | ||
| 005 | 20250731184608.0 | ||
| 008 | 150616s r 000 0 d | ||
| 035 | _a(Sirsi) a9382 | ||
| 040 |
_aPE-LiUPU _bspa _cPE-LiUPU _erda |
||
| 049 | _aPRUA | ||
| 082 | 0 | 4 |
_a935.01 _bK79 _221 |
| 100 | 1 |
_aKramer, Samuel Noah, _eautor. |
|
| 245 | 1 | 4 | _aThe Sumerians. Their History, Culture and Character. |
| 264 | 1 |
_aChicago : _bThe University of Chicago Press, _c1964. |
|
| 300 |
_a355 páginas : _bil ; _c23 cm. |
||
| 336 |
_atext _2rdacontent |
||
| 337 |
_aunmediated _2rdamedia |
||
| 338 |
_avolume _2rdacarrier |
||
| 505 | 0 | _aArchaeology and decipherment.- History: heroes, kings, and Ensi's.- Society: The sumerian city.- Religion: theology, rite, and myth.- Literature: the sumerian belles-lettres.- Education: the sumerian school.- Character: drives, motives, and values.- The legacy of sumer.- APENDICES. | |
| 526 | _aP136 | ||
| 526 | _aP135 | ||
| 526 | _aP134 | ||
| 526 | _aP133 | ||
| 526 | _aP144 | ||
| 526 | _aP143 | ||
| 526 | _aP87 | ||
| 526 | _aP35 | ||
| 526 | _aP20 | ||
| 526 | _aP14 | ||
| 526 | _aP10 | ||
| 526 | _aP06 | ||
| 650 | 0 | 4 |
_aSUMERIOS. _93211 |
| 910 |
_ajck _bjvq _cjck |
||
| 942 |
_2ddc _cBOOK |
||
| 949 |
_a935.01 K79 _wDEWEY _c1 _i42858 _lCCODEBUL1 _mBUL _p00.00 _r0 _sY _tBOOK _u19970605 _xTEOLOGIA _zUNKNOWN _0COMPRA _o.STAFF. Colección General |
||
| 994 |
_aC0 _bPEPRU |
||
| 596 | _a1 | ||
| 999 |
_a935.01 K79 _wDEWEY _c60828 _i42858 _f2021-11-12 _g5 _lCCODEBUL1 _mBUL _r0 _sY _tBOOK _u2015-6-16 _xTEOLOGIA _zUNKNOWN _0COMPRA _o.STAFF. Colección General _d60828 |
||
| 980 |
_81 _gALBERTO SANCHEZ Responsable de Automatización |
||